| 000 | 00791nam a22002415a 4500 | ||
|---|---|---|---|
| 008 | 150830r20142011ii a fr 001 0 eng d | ||
| 020 | _a9789350141236 | ||
| 040 |
_aEG-ScBUE _beng _cEG-ScBUE _dEG-ScBUE |
||
| 082 | 0 | 4 |
_a004.6 _bKUM _222 |
| 100 | 1 |
_aKumar, Sachin. _938964 |
|
| 245 | 1 | 0 |
_aNetwork programming / _cby Sachin Kumar and Kadambri Agarwal. |
| 250 | _a1st ed., Reprinted ed. | ||
| 260 |
_aNew Delhi : _bS. K. Kataria & Sons, _c2014. |
||
| 300 |
_a295 p. : _bill. ; _c24 cm. |
||
| 500 | _aIndex : p. 289-295. | ||
| 630 | 0 | 7 |
_aUNIX (Computer file) _2BUEsh _937251 |
| 650 | 7 |
_aComputer networks. _2BUEsh _91660 |
|
| 650 | 0 |
_aInternet programming. _2BUEsh |
|
| 651 | _2BUEsh | ||
| 653 |
_bCOMSCI _cAugust2015 _cJanuary2016 |
||
| 700 | 1 | _aAgarwal, Kadambri. | |
| 942 |
_2ddc _k004.6 KUM |
||
| 999 |
_c20742 _d20714 |
||